House prices power ahead (Record no. 71604)

MARC details
000 -LEADER
fixed length control field 01240cam a2200193 4500
001 - CONTROL NUMBER
control field WB3843-09
008 - FIXED-LENGTH DATA ELEMENTS--GENERAL INFORMATION
fixed length control field 021120n2002 000 0 eng u
035 ## - SYSTEM CONTROL NUMBER
System control number (Sirsi) u120525
245 ## - TITLE STATEMENT
Title House prices power ahead
260 ## - PUBLICATION, DISTRIBUTION, ETC.
Date of publication, distribution, etc. 2002
490 ## - SERIES STATEMENT
Series statement RICS Press Release
Volume/sequential designation (pr129) 20 November 2002, (2)
520 ## - SUMMARY, ETC.
Summary, etc. The latest RICS housing survey for England and Wales for three months to October 2002 reveals house price rises running at more than double the long-term annual average of 10% and are expected to rise until year end. North of England sees the fastest rise - 81% compared with national figure of 54%. Average number of properties for sale per chartered surveyor/estate agent remains low at 63. Enquiries from potential purchasers fell in October. Price rise expectations are not maintained for sales.Survey is available at http://www.rics.org/downloads/market_survey/housing_oct02.pdf Press release at http://www.rics.org/ricscms/bin/show?class=PressRelease&template=/includes/showpr.html&id=839&faculty=RICS
590 ## - LOCAL NOTE (RLIN)
Local note WB
650 ## - SUBJECT ADDED ENTRY--TOPICAL TERM
Topical term or geographic name entry element RICS MARKET SURVEYS
650 ## - SUBJECT ADDED ENTRY--TOPICAL TERM
Topical term or geographic name entry element HOUSE PRICE INFLATION
650 ## - SUBJECT ADDED ENTRY--TOPICAL TERM
Topical term or geographic name entry element HOUSING MARKET SURVEYS
690 ## - LOCAL SUBJECT ADDED ENTRY--TOPICAL TERM (OCLC, RLIN)
Topical term or geographic name as entry element PROPERTY-RESIDENTIAL PROPERTY-RESIDENTIAL PROPERTY MARKET
942 ## - ADDED ENTRY ELEMENTS (KOHA)
Suppress in OPAC 0
Holdings
Withdrawn status Lost status Source of classification or shelving scheme Damaged status Not for loan Home library Current library Shelving location Date acquired Total Checkouts Full call number Barcode Date last seen Copy number Price effective from Koha item type
    Dewey Decimal Classification     London London News article 20/11/2002   WB3843-09 120525-1001 06/08/2019 1 06/08/2019 News article